[Event "African Online-ch Open 2021"]
[Site "Online"]
[Date "2021.02.01"]
[Round "2.8"]
[White "Simoes, Joao"]
[Black "Silva, David"]
[Result "0-1"]
[WhiteElo "2228"]
[BlackElo "2258"]
[Annotator "TA"]
[PlyCount "88"]
[EventDate "2021.02.01"]
[EventType "swiss"]
[EventCountry "NET"]
[SourceTitle "playchess.com"]
[Source "ChessBase"]
[SourceQuality "1"]

{[%evp 12,88,42,0,43,0,0,-8,54,50,55,62,58,1,45,33,31,29,61,49,76,76,76,66,75,66,62,52,58,53,61,52,58,55,54,41,40,-7,0,-17,-26,-45,-43,-54,-57,-113,-120,-107,-55,-73,-8,-58,-79,-77,-16,-64,0,-64,-56,-145,0,0,47,74,54,55,31,25,29,13,0,14,32,0,0,0,367,389,421]} 1. d4 Nf6 2. c4 g6 3. Nc3 Bg7 4. e4 d6 5. Be2 O-O 6. Bg5 h6 7. Bh4 c6 {E73: King's Indian: Averbakh Variation without 6...c5.} 8. Qd2 (8. f4 $14) 8... e5 $11 9. d5 c5 (9... g5 $11 10. Bg3 cxd5 11. cxd5 Nxe4 12. Nxe4 f5) 10. h3 {[#]} a6 $146 ({Predecessor:} 10... Kh7 11. Nf3 Na6 12. O-O Nc7 13. Ne1 Bd7 14. Nc2 Nce8 15. Rab1 Nxe4 16. Nxe4 Qxh4 {1-0 (52) Krzywina,M (1967)-Kempinski,T (2165) Gdansk 2003}) 11. g4 b5 12. Qc2 (12. cxb5 $14 axb5 13. Bxb5) 12... Qa5 13. Kf1 {[%cal Rc4b5]} b4 14. Nd1 $1 b3 15. Qc3 Qxc3 16. Nxc3 bxa2 17. Rxa2 Nbd7 {[%cal Bb8d7,Bd7f8,Bf8g6,Bg6f4][%mdl 32]} 18. Nf3 Rb8 19. Nd2 Re8 20. Bd3 Nf8 21. Ke2 g5 22. Bg3 Ng6 23. Bc2 Nf4+ 24. Kd1 {[#]} Nxh3 $1 {[%mdl 512]} 25. f3 (25. Rxh3 Bxg4+) 25... Nf4 26. Ba4 Re7 27. Kc2 h5 28. Bxf4 (28. gxh5 $1 $15 N4xh5 29. Bf2) 28... exf4 $17 29. gxh5 g4 ({Black should try} 29... Kh7 $17 30. Nb3 g4) 30. h6 $15 Bh8 (30... Bf8 $17) 31. Rh4 Kh7 32. Ra1 gxf3 (32... g3 $17) 33. Rxf4 Ng4 (33... Nh5 $15 34. Rxf3 Bg4) 34. Rxf3 ({Better is} 34. Nxf3 $11 Ne3+ 35. Kd3) 34... Bd4 $1 35. Re1 {[#]} ({White should play} 35. Nb3 $15) 35... f5 (35... Ne5 $1 $17 36. Rff1 Bh3) 36. b3 $11 f4 37. Ne2 $1 {[%cal Re2d4]} ({Reject} 37. Rxf4 Ne3+ 38. Rxe3 Bxe3 $15) 37... Ne3+ 38. Kd3 Ng2 {[%cal Rg2e1]} 39. Ref1 $36 {[%mdl 2048] Black is under pressure.} Be5 40. R3f2 Ne3 41. Rg1 Ng4 42. Rff1 Ne3 43. Rf2 Nf5 $2 {[%mdl 8192] [#]} (43... Ng4 $11 44. Rfg2 Ne3) 44. Nf3 $1 $18 ({Worse is} 44. exf5 Bxf5+ 45. Ne4 Bxe4+ 46. Kxe4 Bd4+ {[%mdl 64] Skewer} 47. Kf3 Re3+ 48. Kg2 (48. Kg4 $2 Rg8+ 49. Kxf4 Rf8+ 50. Kg4 Rxf2 $19) 48... f3+ {[%mdl 64] Double Attack} 49. Kh1 fxe2 $15) 44... Ng3 {[%mdl 32768] Accuracy: White = 71%, Black = 64%. . Loss on time!?} 0-1

[Event "African Online-ch Open 2021"]
[Site "Online"]
[Date "2021.02.01"]
[Round "2.9"]
[White "Beukes, Dante M"]
[Black "Wanyama, Harold"]
[Result "1-0"]
[WhiteElo "2206"]
[BlackElo "2312"]
[Annotator "TA"]
[PlyCount "63"]
[EventDate "2021.02.01"]
[EventType "swiss"]
[EventCountry "NET"]
[SourceTitle "playchess.com"]
[Source "ChessBase"]
[SourceQuality "1"]

{[%evp 18,62,46,49,116,61,91,65,100,105,179,184,309,291,452,474,29984,1009,929,689,639,862,844,773,788,789,672,454,698,519,966,951,945,938,883,865,29973,29975,29989,29974,29991,29976,29987,5027,2160,1306,29999]} 1. e4 c5 2. Nf3 Nc6 3. Bb5 g6 4. O-O Bg7 5. c3 e5 6. d4 cxd4 7. cxd4 exd4 8. Bf4 Nge7 9. Bd6 O-O 10. Nbd2 {[%mdl 1024] White has compensation.} h6 {[#] B31: Sicilian: 2...Nc6 3 Bb5 g6.} (10... b6 $14) 11. h4 $146 (11. Bc4 $16) ({Predecessor:} 11. Nb3 a6 12. Bc4 b5 13. Bd5 Re8 14. Re1 a5 15. Rc1 Ra6 16. Nc5 Rb6 17. a3 Nb8 18. Nb7 Rxb7 19. Bxf7+ Kxf7 {1-0 (34) Oral,T (2531)-Jakubiec,A (2488) Germany 2000}) 11... Re8 12. h5 g5 {White is slightly better.} 13. Rc1 $1 a6 {[#]} (13... b6 $16) 14. Bc4 $1 $18 b5 {[#]} (14... Rf8 $142 15. Bb3 a5) 15. Bxf7+ $1 {[%mdl 512]} Kxf7 (15... Kh8 {was worth a try.} 16. Bxe8 Qxe8) 16. Qb3+ Kf8 {[#]} (16... Nd5 $18 17. exd5 Na5) 17. Rc5 (17. Nxg5 $142 $1 {[%mdl 512]} hxg5 18. f4 Bf6 19. fxg5 {[%mdl 64] Pin} Kg7 20. gxf6+ Kh8 21. Qf7 Nf5 22. Rxf5) 17... Bf6 18. e5 ({Inferior is} 18. Rf5 Kg7 $17) 18... Bh8 {[#]} 19. Nxg5 $1 {[%mdl 512]} hxg5 20. Ne4 Kg7 21. Nxg5 {White wants to mate with Qd3.} Rf8 22. Qg3 Kh6 (22... Qe8 $142 23. e6 Rf6 24. Nf7+ Ng6) 23. e6 dxe6 {[#]} (23... Bf6 $142 24. Nf7+ Rxf7 25. exf7 Qf8) 24. Rxc6 $1 {[%mdl 576] Pin} Qe8 {[#]} 25. Nxe6 $1 {[%mdl 512]} Bxe6 26. Bxe7 {[%mdl 64] Discovered Attack} Qf7 {[#]} 27. Re1 $1 Kh7 (27... Qxf2+ 28. Qxf2) 28. Rexe6 {[%csl Gc6][%cal Re6h6]} Bg7 29. h6 Be5 30. Qxe5 (30. Rxe5 $142 Qxf2+ 31. Qxf2 Rxf2 32. Kxf2 Re8 33. Bd6 Rxe5 34. Bxe5 d3 35. Bf4) 30... Qxf2+ 31. Kh2 {[%csl Gh6][%cal Re5g7]} Rf5 32. Qg7# {Black got outplayed after the opening.  Weighted Error Value: White=0.30/Black=1.22} 1-0

[Event "African Online-ch Open 2021"]
[Site "Online"]
[Date "2021.02.01"]
[Round "2.10"]
[White "Bouzidi, Ahmed"]
[Black "Gohil, Mehul"]
[Result "0-1"]
[WhiteElo "2163"]
[BlackElo "1991"]
[Annotator "TA"]
[PlyCount "86"]
[EventDate "2021.02.01"]
[EventType "swiss"]
[EventCountry "NET"]
[SourceTitle "playchess.com"]
[Source "ChessBase"]
[SourceQuality "1"]

{[%evp 25,86,-49,-39,-45,-44,-44,-31,-26,-33,-33,-32,-19,0,-44,40,54,46,53,59,79,67,59,56,27,33,48,25,35,41,0,0,0,0,0,0,0,0,0,0,-113,-116,-87,31,-135,-145,-397,-312,-1085,-1079,-992,-870,-5908,-4970,-29968,-29969,-29969,-29965,-29965,-6139,-29972,-29971,-6199,-6010]} 1. e4 e6 2. d4 d5 3. Nc3 Nf6 4. Bg5 Bb4 5. e5 h6 6. Bd2 Bxc3 7. bxc3 Ne4 8. Qg4 Kf8 9. h4 c5 10. Bd3 Nxd2 11. Kxd2 c4 12. Be2 {12.Bf1 is not played anymore.} Nc6 13. Rh3 b5 14. a3 {C12: French: Classical System: McCutcheon Variation.} a5 15. Rg3 Rg8 16. Qf4 {Black is slightly better.} Bd7 17. Bh5 {[%csl Gh5][%cal Rf4f7]} Be8 18. Ne2 {[#]} Rb8 $146 (18... Ra6 {looks sharper.} 19. Rf3 Qd7 20. Ke1 Ra8 21. Kf1 Rh8) ({Predecessor:} 18... Rh8 19. Qg4 Rh7 20. Nf4 Kg8 21. Bg6 fxg6 22. Qxe6+ Kh8 23. Rf3 Ne7 24. Nxd5 Nf5 {1-0 (39) Oechslein,R (2386)-Prystenski,A (2230) ICCF email 2014}) 19. Rf3 {[%cal Rh5f7]} (19. Qf3 {feels hotter.} Rb6 20. Bg4 Bd7 21. Nf4 Ne7 22. Bh5) 19... f5 (19... Qd7 $15) 20. Bxe8 $14 Kxe8 21. g4 g5 22. hxg5 hxg5 23. Qh2 f4 24. Rh3 Qe7 25. Rh7 Rg7 26. Rh8+ Kd7 27. Rxb8 (27. Rb1 $5 {[%cal Rh8b8]} Rb6 28. Qh6 $14) 27... Nxb8 28. Qh8 Kc7 29. Rb1 Rh7 30. Qg8 Rg7 31. Qh8 Rh7 32. Qf6 (32. Qg8 $11 Rg7 33. Qh8) 32... Qxf6 $17 33. exf6 {[%mdl 4096] Endgame KRN-KRN} Kc6 ({Black should play} 33... Nd7 $17 34. f7 Rxf7 35. Rxb5 Rh7 36. Rxa5 Rh2) 34. a4 $2 (34. Ng1 $14 {keeps the upper hand.}) 34... Nd7 35. Rxb5 {[%mdl 8192] Now White is beyond hope.} (35. axb5+ $17 Kb6 36. f7) 35... Nxf6 $19 {aiming for ...Ne4+.} 36. Rxa5 $2 (36. f3 Rh3 37. Rc5+ Kd6 38. Ng1) 36... Ne4+ {[%mdl 64] [#] Double Attack} 37. Kc1 f3 38. Ng1 Rh1 39. Ra6+ Kb7 40. Rxe6 Rxg1+ {[%mdl 64] [#] Double Attack} 41. Kb2 Nxf2 42. Rf6 Nd1+ 43. Ka3 f2 {Weighted Error Value: White=1.03/Black=0.19} 0-1

[Event "African Online-ch Open 2021"]
[Site "Online"]
[Date "2021.02.01"]
[Round "2.11"]
[White "Cambando, Jose"]
[Black "Seddaoui, Yamine"]
[Result "0-1"]
[WhiteElo "2128"]
[BlackElo "2127"]
[Annotator "TA"]
[PlyCount "96"]
[EventDate "2021.02.01"]
[EventType "swiss"]
[EventCountry "NET"]
[SourceTitle "playchess.com"]
[Source "ChessBase"]
[SourceQuality "1"]

{[%evp 13,96,60,68,9,20,3,0,0,58,47,57,62,59,77,70,69,81,76,70,12,108,-25,66,31,91,0,-7,-43,160,160,156,157,150,150,152,149,162,165,148,153,156,145,125,112,112,4,100,110,129,0,18,15,9,19,40,42,66,8,18,16,118,115,157,77,113,72,175,60,229,233,230,227,218,223,400,220,221,216,204,146,122,0,211,0,214]} 1. Nf3 d5 2. g3 f5 3. Bg2 e6 4. O-O c6 5. d3 Nf6 6. c4 Bd6 7. Nc3 O-O 8. Bg5 {A10: English Opening: Unusual Replies for Black.} (8. e4 $14 fxe4 9. dxe4 dxe4 10. Ng5) 8... h6 $11 {[#]} 9. Bf4 $146 ({Predecessor:} 9. Bxf6 Qxf6 10. Re1 d4 11. Na4 c5 12. e3 e5 13. exd4 exd4 14. Nd2 Nd7 15. Bd5+ Kh8 {1-0 (26) Hunhoff,S (1740)-Wessel,J (1813) Germany 2010}) 9... d4 10. Na4 g5 (10... b5 $11) 11. Bxd6 $14 Qxd6 12. c5 $1 {[%cal Rc5d6]} Qd8 13. Qb3 g4 14. Ne5 Qc7 15. Nc4 Na6 16. a3 (16. Rae1 $14) 16... Nd5 (16... Kh8 $11) 17. Qc2 ({White should try} 17. e4 $16) 17... e5 (17... f4 $11) 18. b4 Qe7 (18... f4 $14) 19. Nd6 (19. e3 $16) 19... Nac7 $11 20. Qd2 Rf6 (20... f4 $15 {keeps the upper hand.}) 21. e4 $36 {[%mdl 2048] Black is under strong pressure.} dxe3 22. fxe3 Ne8 23. e4 Ndc7 24. Nxf5 Bxf5 25. Rxf5 Ng7 26. Rxf6 Qxf6 27. Rf1 Qe6 28. Nc3 Rd8 29. Ne2 (29. Nd1 $16) 29... Nb5 (29... Qb3 $1 $11 {remains equal.}) 30. a4 Nd4 31. Nc1 (31. Nxd4 $16 Rxd4 32. a5) 31... Rf8 (31... Rd7 {feels hotter.} 32. a5 h5 33. Ne2 Qb3 34. Nxd4 Rxd4 35. Qg5 Qxb4 36. Qxe5 Rxd3 37. Kh1 Re3) 32. Rxf8+ Kxf8 33. Ne2 {[#] Threatens to win with Nxd4.} Nxe2+ 34. Qxe2 h5 35. d4 ({Better is} 35. Qf2+ $14 Kg8 36. a5) 35... exd4 36. Qf2+ Ke7 (36... Kg8 $11) 37. Qxd4 Ne8 38. b5 ({White should play} 38. e5) 38... Qb3 39. Bf1 Qf3 (39... Nf6 $16 {might work better.}) 40. Bc4 (40. a5 $18) 40... Qf6 $2 (40... Qa3 $1 $14) 41. e5 $18 Qf5 42. Bd3 Qe6 43. Be4 Kf7 $2 (43... Qh6 44. Kf2 Qe6) 44. bxc6 (44. a5 $142 {Black must now prevent a6.} a6 45. bxc6 bxc6 46. Bd3) 44... bxc6 45. Bd3 {[#] Hoping for Bc4!} Ke7 46. Bc4 Qf5 47. Bd3 (47. e6 $16) 47... Qe6 $1 48. Be4 Kf7 $1 {[%mdl 32768] Weighted Error Value: White=0.45/Black=0.40. Sensor Board Error (Ke4/e5)?} 0-1

[Event "African Online-ch Open 2021"]
[Site "Online"]
[Date "2021.02.01"]
[Round "2.12"]
[White "Amdouni, Zoubaier"]
[Black "Pascoal, Eduardo A"]
[Result "1-0"]
[WhiteElo "2229"]
[BlackElo "2184"]
[Annotator "TA"]
[PlyCount "57"]
[EventDate "2021.02.01"]
[EventType "swiss"]
[EventCountry "NET"]
[SourceTitle "playchess.com"]
[Source "ChessBase"]
[SourceQuality "1"]

{[%evp 9,57,42,41,32,36,32,42,38,64,57,79,83,105,88,88,91,121,122,119,109,120,104,106,39,39,47,181,87,88,68,113,92,254,257,312,158,641,564,799,654,639,289,1384,1399,1309,1243,1143,1133,1412,1371]} 1. e4 e6 2. d4 d5 3. Bd3 Nf6 4. e5 Nfd7 5. c3 c5 6. Ne2 {C01: French: Exchange Variation.} Nc6 7. a3 Qb6 {[%cal Rc5d4]} 8. b4 {White is slightly better.} cxd4 9. cxd4 f6 {[#]} 10. Be3 $146 ({Predecessor:} 10. f4 Be7 11. Nbc3 fxe5 12. Na4 Qc7 13. fxe5 O-O 14. Qc2 Ndxe5 15. dxe5 Qxe5 16. Bb2 {1-0 (37) Bugayev,V-Mendoza,B (1945) chess.com INT 2020}) 10... fxe5 11. dxe5 Qd8 12. f4 g6 13. O-O Bh6 14. Rf3 O-O 15. Rh3 Bg7 16. Ra2 (16. Bc2 $16) 16... a5 17. b5 $36 {[%mdl 2048] White is pushing.} Ne7 (17... Ncxe5 $1 $14 18. fxe5 Nxe5) 18. Nd4 (18. Nbc3 $18 {and White stays clearly on top.}) 18... Nc5 $16 19. Bc2 b6 20. Nd2 Nf5 $2 {[#]} (20... a4 $16) 21. Bxf5 $18 exf5 22. N2f3 (22. Nc6 $18 Qe8 23. Bxc5 bxc5 24. Nb3) 22... h5 $2 (22... Bd7 $16 23. Nc6 Bxc6 24. bxc6 Rc8) 23. Nc6 Qd7 24. Rd2 Ne4 25. Rxd5 (25. Nh4 $142 Nxd2 26. Nxg6) 25... Nc3 $2 {[#]} (25... Qe8 26. Rd8 Qf7) 26. Rxd7 {White is clearly winning.} Nxd1 27. Rxd1 Be6 28. Rd6 Bf7 29. Ne7+ {Weighted Error Value: White=0.48/Black=0.66} 1-0

[Event "African Online-ch Open 2021"]
[Site "Online"]
[Date "2021.02.01"]
[Round "2.13"]
[White "Likoko, Elvis"]
[Black "Bongo Akanga Ndjila, Barthelemy"]
[Result "1/2-1/2"]
[WhiteElo "1646"]
[BlackElo "1803"]
[Annotator "NA RC"]
[PlyCount "147"]
[EventDate "2021.02.01"]
[EventType "swiss"]
[EventCountry "NET"]
[SourceTitle "playchess.com"]
[Source "ChessBase"]
[SourceQuality "1"]
[TimeControl "1500+10"]

1. d4 {[%emt 0:00:00]} Nf6 {[%emt 0:00:32]} 2. c4 {[%emt 0:00:04]} b6 {[%emt 0:00:02]} 3. Nf3 {[%emt 0:00:45]} Bb7 {[%emt 0:00:03]} 4. e3 {[%emt 0:01:14]} e6 {[%emt 0:00:15]} 5. Be2 {[%emt 0:00:43]} Bb4+ {[%emt 0:00:06]} 6. Nbd2 {[%emt 0:00:09]} O-O {[%emt 0:01:06]} 7. O-O {[%emt 0:00:06]} a5 {[%emt 0:00:19]} 8. a3 {[%emt 0:00:24]} Be7 {[%emt 0:00:53]} 9. Qc2 {[%emt 0:00:21]} d5 {[%emt 0:00:13]} 10. b3 {[%emt 0:00:54]} Nbd7 {[%emt 0:00:25]} 11. Bb2 {[%emt 0:00:06]} Rc8 {[%emt 0:00:04]} 12. Rac1 {[%emt 0:00:32]} c5 {[%emt 0:00:02]} 13. Qb1 {[%emt 0:00:23]} Ne4 {[%emt 0:00:27]} 14. Rfd1 {[%emt 0:00:57]} Ndf6 {[%emt 0:00:45]} 15. Qa1 {[%emt 0:00:52]} Nxd2 {[%emt 0:01:06]} 16. Nxd2 {[%emt 0:00:09]} dxc4 {[%emt 0:03:31]} 17. dxc5 {[%emt 0:01:31]} bxc5 {[%emt 0:02:58]} 18. Nxc4 {[%emt 0:00:10]} Qc7 {[%emt 0:00:02]} 19. Be5 {[%emt 0:00:05]} Qc6 {[%emt 0:00:06]} 20. Bf3 {[%emt 0:00:14]} Qa6 {[%emt 0:00:02]} 21. Bxb7 {[%emt 0:00:13]} Qxb7 {[%emt 0:00:02]} 22. Nxa5 {[%emt 0:00:34]} Qb5 {[%emt 0:00:37]} 23. Nc4 {[%emt 0:07:47]} Qxb3 {[%emt 0:00:07]} 24. Rc3 {[%emt 0:00:38]} Qb7 {[%emt 0:02:08]} 25. Nd6 {[%emt 0:02:12]} Bxd6 {[%emt 0:00:19]} 26. Bxd6 {[%emt 0:00:09]} Ne4 {[%emt 0:01:31]} 27. Bxf8 {[%emt 0:01:16]} Nxc3 {[%emt 0:00:05]} 28. Qxc3 {[%emt 0:00:39]} Kxf8 {[%emt 0:00:09]} 29. h3 {[%emt 0:00:10]} c4 {[%emt 0:02:01]} 30. Rd4 {[%emt 0:00:33]} Qb3 {[%emt 0:00:16]} 31. Qxb3 {[%emt 0:00:35]} cxb3 {[%emt 0:00:04]} 32. Rb4 {[%emt 0:00:03]} Rc1+ {[%emt 0:00:06]} 33. Kh2 {[%emt 0:00:11]} Rb1 {[%emt 0:00:56]} 34. a4 {[%emt 0:00:06]} b2 {[%emt 0:00:02]} 35. a5 {[%emt 0:00:05]} Ra1 {[%emt 0:00:04]} 36. Rxb2 {[%emt 0:00:03]} Rxa5 {[%emt 0:00:02]} 37. Rb7 {[%emt 0:00:04]} h5 {[%emt 0:00:05]} 38. Kg3 {[%emt 0:00:08]} Rg5+ {[%emt 0:00:06]} 39. Kf3 {[%emt 0:00:11]} Rf5+ {[%emt 0:00:03]} 40. Kg3 {[%emt 0:00:04]} h4+ {[%emt 0:00:06]} 41. Kxh4 {[%emt 0:00:17]} Rxf2 {[%emt 0:00:02]} 42. Kg3 {[%emt 0:00:03]} Rf1 {[%emt 0:00:11]} 43. Ra7 {[%emt 0:00:17]} g6 {[%emt 0:00:07]} 44. Rb7 {[%emt 0:00:53]} Kg7 {[%emt 0:00:04]} 45. Rb4 {[%emt 0:00:19]} Kf8 {[%emt 0:01:25]} 46. Rb7 {[%emt 0:00:04]} Kg7 {[%emt 0:00:12]} 47. Rb4 {[%emt 0:00:04]} e5 {[%emt 0:00:58]} 48. Rb7 {[%emt 0:00:41]} Kh6 {[%emt 0:00:13]} 49. Re7 {[%emt 0:00:06]} f6 {[%emt 0:00:11]} 50. Re8 {[%emt 0:01:24]} Kg5 {[%emt 0:00:13]} 51. Rb8 {[%emt 0:01:38]} Kf5 {[%emt 0:00:10]} 52. Rb4 {[%emt 0:00:05]} g5 {[%emt 0:00:22]} 53. h4 {[%emt 0:00:33]} gxh4+ {[%emt 0:00:18]} 54. Rxh4 {[%emt 0:00:10]} Ke6 {[%emt 0:01:15]} 55. e4 {[%emt 0:00:40]} Kd6 {[%emt 0:00:10]} 56. Rh8 $11 {[%emt 0:01:23]} Rf4 {[%emt 0:00:29]} 57. Rh4 {[%emt 0:00:04]} Rf1 {[%emt 0:01:09]} 58. Rh8 {[%emt 0:00:03]} Kc5 {[%emt 0:01:23]} 59. Ra8 {[%emt 0:00:29]} Rf4 {[%emt 0:00:19]} 60. Ra4 {[%emt 0:00:13]} f5 {[%emt 0:00:09]} 61. Ra5+ {[%emt 0:00:10]} Kd4 {[%emt 0:00:02]} 62. exf5 {[%emt 0:00:03]} Rxf5 {[%emt 0:00:05]} 63. Kg4 {[%emt 0:00:03]} Rf1 {[%emt 0:00:07]} 64. Ra4+ {[%emt 0:00:19]} Ke3 {[%emt 0:00:13]} 65. Ra3+ {[%emt 0:00:03]} Kd4 {[%emt 0:00:22]} 66. Ra4+ {[%emt 0:00:02]} Kd5 {[%emt 0:00:19]} 67. Ra5+ {[%emt 0:00:03]} Ke6 {[%emt 0:00:08]} 68. Ra6+ {[%emt 0:00:02]} Ke7 {[%emt 0:01:00]} 69. Ra7+ {[%emt 0:00:06]} Kf6 {[%emt 0:00:13]} 70. Ra6+ {[%emt 0:00:02]} Kf7 {[%emt 0:00:02]} 71. Ra7+ {[%emt 0:00:02]} Ke6 {[%emt 0:01:35]} 72. Ra6+ {[%emt 0:00:04]} Kd5 {[%emt 0:00:20]} 73. Ra5+ {[%emt 0:00:02]} Kd4 {[%emt 0:00:02]} 74. Ra4+ {[%emt 0:00:02]} 1/2-1/2

[Event "African Online-ch Open 2021"]
[Site "Online"]
[Date "2021.02.01"]
[Round "2.14"]
[White "Alberto, Manuel"]
[Black "Njoroge Martin"]
[Result "0-1"]
[WhiteElo "2167"]
[BlackElo "1965"]
[Annotator "TA"]
[PlyCount "86"]
[EventDate "2021.02.01"]
[EventType "swiss"]
[EventCountry "NET"]
[SourceTitle "playchess.com"]
[Source "ChessBase"]
[SourceQuality "1"]

{[%evp 10,86,7,0,16,19,13,-14,0,0,0,-10,-2,-25,0,-49,-48,-39,-47,-76,-66,-95,-101,-103,-104,-103,-94,-94,-90,-200,-185,-193,-191,-189,-187,-206,-182,-204,-204,-203,-166,-167,-174,-216,-212,-212,-186,-431,-399,-159,-99,-114,-112,-90,-91,-80,-55,-227,0,0,0,0,48,54,37,0,39,-20,-13,-29,-22,-34,-22,-38,0,-8,-8,-1073,-1039]} 1. e4 c5 2. Nf3 e6 3. c3 d5 4. e5 Nc6 5. d4 Nge7 6. Na3 Bd7 {C02: French: Advance Variation.} 7. Nc2 Rc8 {[#]} 8. a3 $146 ({Predecessor:} 8. Bd3 c4 9. Be2 Nf5 10. O-O Be7 11. g4 Nh4 12. Nxh4 Bxh4 13. f4 Be7 14. f5 {½-½ (28) Tylecek,D (2165)-Raschun,G ICCF email 2017}) 8... Nf5 {The position is equal.} 9. b4 cxd4 10. cxd4 Qc7 11. Ra2 Be7 ({Reject} 11... Ncxd4 $6 12. Nfxd4 Qxe5+ 13. Be3 $16) 12. g4 Nh4 13. Nxh4 Bxh4 14. Be3 Ne7 15. Qd2 Ba4 {[%cal Ra4c2]} 16. Bd3 Bb3 $36 {[%mdl 2048] Black is in control.} 17. Rb2 {[#]} Bc4 18. O-O h5 19. f3 (19. gxh5 $17 Bxd3 20. Qxd3) 19... Bxd3 $19 20. Qxd3 Qc3 21. Qxc3 Rxc3 22. Rd1 O-O 23. Kf1 Rfc8 24. Rd2 R8c7 25. a4 Nc8 {And now ...hxg4 would win.} 26. a5 b5 27. Ke2 Ne7 28. Na1 $2 (28. gxh5 Nf5 29. Bf4) 28... hxg4 29. fxg4 $2 (29. Nc2 $19 gxf3+ 30. Kxf3) 29... Rxe3+ 30. Kxe3 $17 Bg5+ 31. Kd3 Bxd2 32. Rxd2 {[%mdl 4096] Endgame KRN-KRN} Rc1 33. Nb3 (33. Nc2 $1 $15) 33... Rb1 $2 ({Black should play} 33... Rc4 $19 {aiming for ...Nc6.} 34. Na1 Rxb4) 34. Kc2 $1 $11 {[%cal Rc2b1]} Rg1 35. Kb2 $1 Nc6 36. Rc2 Nxb4 37. Rc8+ Kh7 {[#] Hoping for ...Rg2+.} 38. Rc7 (38. Ka3 $14 Nd3 39. Ra8) 38... Rg2+ ({Wrong is} 38... Rxg4 $2 39. Ka3 $18) 39. Kc1 Kg6 {...a6 is the strong threat.} 40. Rxa7 Rxh2 41. Rb7 f6 42. exf6 gxf6 43. Rxb5 $2 {[%mdl 8192]} (43. Kb1 $11) 43... Na2+ {Weighted Error Value: White=0.48/Black=0.15} 0-1

[Event "African Online-ch Open 2021"]
[Site "Online"]
[Date "2021.02.01"]
[Round "2.16"]
[White "Mwashe, Philip"]
[Black "Ndegwa, Jackson Kamau"]
[Result "1-0"]
[WhiteElo "1756"]
[BlackElo "2001"]
[Annotator "TA"]
[PlyCount "105"]
[EventDate "2021.02.01"]
[EventType "swiss"]
[EventCountry "NET"]
[SourceTitle "playchess.com"]
[Source "ChessBase"]
[SourceQuality "1"]

{[%evp 12,105,68,54,106,35,41,10,75,14,8,-29,31,33,35,44,40,2,23,0,24,0,43,-10,28,-29,38,37,46,51,44,47,46,50,32,32,35,45,37,39,37,42,50,42,42,43,62,42,68,44,34,29,54,33,31,22,198,197,197,185,216,196,182,187,221,178,300,300,300,300,300,300,819,826,1486,1397,1348,1135,1811,1752,1847,1736,29976,29977,29975,29976,29980,29981,29980,29981,29981,29982,29987,29986,29986,29986]} 1. e4 d5 2. exd5 Nf6 3. d4 Nxd5 4. c4 Nb6 5. Nf3 Bg4 6. c5 Nd5 7. Qb3 Bxf3 {B01: Scandinavian Defence.} (7... Nc6 $14) 8. Qxf3 {[#]} (8. Qxb7 $16 Nd7 9. gxf3) 8... Nc6 $146 ({Predecessor:} 8... e6 9. Bb5+ c6 10. Bd3 Nb4 11. Be4 Qxd4 12. Nc3 Bxc5 13. Be3 Qc4 14. Bxc5 Qxc5 15. O-O {½-½ (34) Vatanen,A-Nero,G Mureck 2007}) 9. Be3 Ndb4 (9... e6 $11) 10. Na3 (10. Bc4 $16 e6 11. O-O) 10... e6 $11 11. Rd1 Be7 (11... Qf6 $11) 12. Bc4 $14 O-O 13. O-O Bf6 14. Bb3 Qe7 15. Nc4 Rad8 {[%cal Rf6d4]} 16. a3 Nd5 17. Bc2 ({Better is} 17. Ba4 $1 $14) 17... g6 18. Rd3 ({White should play} 18. Ba4) 18... e5 (18... b5 $11 19. cxb6 cxb6) 19. dxe5 Nxe5 20. Nxe5 Qxe5 21. Bd4 Qe6 22. Bb3 {[#] Hoping for Bxf6.} Bxd4 23. Rxd4 {[%cal Rb3d5]} c6 24. Rfd1 {[%cal Rb3d5]} Rfe8 {( -> ...Qe1+!)} 25. h3 {[%cal Rb3d5]} (25. g3 {is more complex.} Qe2 26. Qxe2 Rxe2 27. Bxd5 Rxd5 28. Rxd5 cxd5 29. b4) 25... Qe2 26. Bxd5 cxd5 27. Qxe2 (27. Qb3 {keeps more tension.} Rd7 28. R4d2 Qe5 29. Qb5 Ree7 30. b4) 27... Rxe2 {[%mdl 4096] Endgame KRR-KRR} 28. b4 Re5 29. R1d3 Kf8 30. f4 Re1+ 31. Kf2 Ra1 32. b5 Ke7 33. Ra4 Rc1 $2 {[#] This costs Black the game.} (33... Rb1 $1 $11 {and Black has nothing to worry.}) 34. Rxa7 $18 Rxc5 35. Rxb7+ Kd6 36. a4 Ra8 37. Ra3 Ra5 38. Ke3 Rc4 (38... f5 $142 39. Rxh7 Rcxb5) 39. Rxf7 Raxa4 40. Rxa4 Rxa4 {KR-KR} 41. b6 {[%cal Bb5b6,Bb6b7][%mdl 32]} ({Don't take} 41. Rxh7 $6 Kc5 $18) 41... Kc5 $2 (41... Rb4 42. b7 (42. Rxh7 Rxb6 43. Kf3 Rb3+ 44. Kg4 Re3 $16) 42... h6) 42. b7 Ra3+ 43. Kd2 Rb3 44. Rxh7 Kd4 45. Kc2 Rb6 46. Re7 Rc6+ 47. Kd2 {White mates.} Rb6 48. g4 Rb2+ 49. Kc1 Rb6 50. f5 gxf5 51. gxf5 Kd3 52. f6 Rc6+ 53. Kb2 {Weighted Error Value: White=0.18/Black=0.49} 1-0